Cargando...

Saraswathikantabharanam (p.1, ch. 1&2) : a work on rhetorics with Ratneshwara's ratnadarpanam sanskrit commentary

Detalles Bibliográficos
Autor Principal: Bhoja
Formato: Printed Book
Publicado: Varanasi Chaukhambha Orientalia 1976
Series:Chowkhamba Sanskrit Series 4
Subjects:
LEADER 00748nam a22002051a 4500
020 |c 0.00 
040 |a SSUS - Library - Kalady 
082 |a S 808.1  |b BHO/S 
100 |a Bhoja 
245 |a Saraswathikantabharanam (p.1, ch. 1&2) : a work on rhetorics with Ratneshwara's ratnadarpanam sanskrit commentary  |h [Text] 
260 |a Varanasi  |b Chaukhambha Orientalia  |c 1976 
300 |a 507p. 
440 |a Chowkhamba Sanskrit Series  |v 4 
600 |a Literature 
600 |a Rhetoric Sanskrit 
600 |a Literature Sanskrit 
852 |h S 808.1  |i BHO/S  |p 041190  |9 250.00  |t 0 
942 |c BK 
999 |c 40649  |d 40649 
952 |0 0  |1 0  |4 0  |6 S_808_100000000000000_BHO_S  |7 0  |9 58984  |a SSUS  |b SSUS  |d 2015-01-08  |g 250.00  |o S 808.1 BHO/S  |p 041190  |r 2017-01-11  |v 0.00  |w 2015-01-08  |y BK